Video Games & Their Makers - Statistics

General Stats
  • This quiz has been taken 37 times
  • The average score is 7 of 9
Answer Stats
Hint Answer % Correct
Nintendo Super Mario
100%
Rockstar GTA
91%
Mojang Minecraft
87%
EA Sports Madden
83%
Epic Games Fortnite
78%
Capcom Street Fighter
78%
Activision Call of Duty
65%
Rare Sea of Thieves
65%
Namco Pacman
52%
No matching quizzes found
Score Distribution
Percent of People with Each Score
Percentile by Number Answered
Your Score History
You have not taken this quiz